00719nam a2200229 a 450000100060000000300080000600500170001400800410003102000400007203500190011204000270013104100080015808200240016624500840019026000340027430000320030850400410034065000360038165000240041765000250044170000230046666267BD-RjUL20211209081522.0170315s1998 nyua b 000 0 eng  a038798528X (hardcover : alk. paper) a(BD-RjUL)66397 aDLCcDLCdBD-RjULbeng aeng00a006.3223bMAT 199800aMathematics of multiscale materials /cKenneth M. Golden ... [et al.], editors. aNew York :bSpringer,cc1998. ax, 280 p. :bill. ;c25 cm. aIncludes bibliographical references. 0aMaterialsxMathematical models. 0aLength measurement. 0aContinuum mechanics.1 aGolden, Kenneth M.